000 00411nam a22001577a 4500
999 _c4910
_d4910
008 200908b ||||| |||| 00| 0 eng d
020 _a8170148839
082 0 0 _a658
_bP911
100 _93940
_aPrasad, L. M.
245 1 0 _aPrinciples and practice of management /
_cby L. M. Prasad
250 _a4th ed.
260 _aNew Delhi:
_bS.Chand,
_c1989.
300 _axi, 730 p.
650 0 _aManagement
942 _cBK